song title quiz - Statistics

General Stats
  • This quiz has been taken 9 times
  • The average score is 5 of 15
Answer Stats
song title artist % Correct
Summer of 69 Bryan Adams
78%
Smells like teen spirit Nirvana
78%
Jessies girl Rick Springfield
67%
Black hole sun Soundgarden
56%
Welcome to the jungle Guns n Roses
44%
Eye of the tiger Survivor
44%
TNT Acdc
22%
Because i got high Afroman
22%
Still D.R.E Dr Dre
22%
Ride Wit Me Nelly
22%
All Star Smash mouth
22%
Berzerk Eminem
11%
Push Matchbox twenty
11%
100 years Bon Jovi
0%
Summer Paradise Simple plan
0%
No matching quizzes found
Score Distribution
Percent of People with Each Score
Percentile by Number Answered
Your Score History
You have not taken this quiz